Online
Catalog

Rojo y negro / (Record no. 4539)

MARC details
000 -CABECERA
campo de control de longitud fija 00665nam a2200205 a 4500
001 - NÚMERO DE CONTROL
campo de control 000004733
005 - FECHA Y HORA DE LA ÚLTIMA TRANSACCIÓN
campo de control 20200929151507.0
008 - DATOS DE LONGITUD FIJA--INFORMACIÓN GENERAL
campo de control de longitud fija 950302s1972 sp 000 0 spa
040 ## - FUENTE DE LA CATALOGACIÓN
Centro catalogador/agencia de origen DO-SdBNP
Lengua de catalogación spa
Centro/agencia transcriptor BNPHU
082 ## - NÚMERO DE LA CLASIFICACIÓN DECIMAL DEWEY
Número de clasificación 843.7
Número de documento/Ítem S825r
100 1# - ENTRADA PRINCIPAL--NOMBRE DE PERSONA
Nombre de persona Stendhal, M. de.
Forma completa/desarrollada del nombre (Marie Henri Beyle),
Fechas asociadas al nombre 1783-1842.
9 (RLIN) 13770
245 10 - MENCIÓN DE TÍTULO
Título Rojo y negro /
Mención de responsabilidad, etc. M. de Stendhal.
260 ## - PUBLICACIÓN, DISTRIBUCIÓN, ETC.
Lugar de publicación, distribución, etc. Barcelona :
Nombre del editor, distribuidor, etc. Ramón Sopena,
Fecha de publicación, distribución, etc. 1972.
300 ## - DESCRIPCIÓN FÍSICA
Extensión 427 p. ;
Dimensiones 18 cm.
490 1# - MENCIÓN DE SERIE
Mención de serie Biblioteca Sopena ;
Designación de volumen o secuencia no. 72-1.
650 #4 - PUNTO DE ACCESO ADICIONAL DE MATERIA--TÉRMINO DE MATERIA
Término de materia o nombre geográfico como elemento de entrada Novela francesa
9 (RLIN) 1075
650 #4 - PUNTO DE ACCESO ADICIONAL DE MATERIA--TÉRMINO DE MATERIA
Término de materia o nombre geográfico como elemento de entrada Literatura francesa
Subdivisión cronológica SIGLO XIX
9 (RLIN) 5031
700 1# - PUNTO DE ACCESO ADICIONAL--NOMBRE DE PERSONA
Nombre de persona Sopena, Ramón,
Término indicativo de función/relación ed.
9 (RLIN) 12814
830 #0 - PUNTO DE ACCESO ADICIONAL DE SERIE-TÍTULO UNIFORME
Título uniforme Biblioteca Sopena ;
Designación de volumen o secuencia no. 72-1.
9 (RLIN) 12815
Holdings
Estado de retiro Estado de pérdida Restricciones de uso No para préstamo Código de colección Localización permanente Ubicación/localización actual Ubicación en estantería Fecha de adquisición Número de inventario Total de préstamos Signatura topográfica completa Código de barras Fecha visto por última vez Precio válido a partir de Tipo de ítem Koha
    Préstamo interno   Monografías: Libros y Folletos General General En catalogación 25.07.2009 LF1   843.7 S825r 4733-10 25.06.2020 25.06.2020 Préstamo interno
        Monografías: Libros y Folletos Patrimonio Dominicano Patrimonio Dominicano Orden iniciada 29.03.2017 LF1   843.7 S825r 4733-20 25.06.2020 25.06.2020 No se presta

Powered by Koha